000 00308nam a22001337a 4500
008 170619b xxu||||| |||| 00| 0 eng d
020 _a9780073380070
041 _aeng
080 _27TH
_a94
100 _a16
101 _aSHH
245 _aSOCIAL STRATFICATION AND INEQUALITY
_cKERBO,H.R
942 _2udc
_cBK
999 _c18070
_d18070